00466cam a2200181ua 45000010005000000080039000050200018000440400009000620410008000710820015000791000033000942450054001272500012001812600046001933000010002396530014002496530021002639390150822n ii |||gr||||Z||||||asm a9789381689721 cMAIN aasm a330.954162 aKakoti, Ramesh Kr.,eAuthor.1 aAsomar arthik bishai samoohcby Romesh Kr. Kakoti a2nd ed. aNorth Lakhimpur:bDutta prakashan,c2014. a250p. aEconomics aEconomy of Assam